000 00391nam a2200169Ia 4500
008 210210b1953 xxu||||| |||| 00| 0 eng d
041 _aeng
082 _a829/1185
100 _aVON (Trapp Maria)
245 _aSound of music
260 _aLondon
_bCollins Fontana Books.,
_c1953
650 _aSound
650 _aof
650 _amusic
690 _aEnglish Fiction
906 _a017796
999 _c137780
_d137780